Déclinaisons - Latin - Statistiques

Statistiques générales
  • Ce quiz a été pris 2 252 fois
  • Le résultat moyen est 54 sur 120
Statistiques - réponses
Radical Terminaison % Correct
Ros- a
100%
Ros- a
100%
Ros- ae
96%
Ros- am
96%
Ros- a
95%
Ros- ae
95%
Ros- ae
91%
Ros- ae
90%
Ros- as
89%
Ros- is
88%
Ros- is
88%
Ros- arum
87%
Lup- us
78%
Bell- um
74%
Bell- um
74%
Lup- e
73%
Lup- um
73%
Lup- i
72%
Bell- um
72%
Lup- i
71%
Lup- i
71%
Lup- o
71%
Lup- o
71%
Bell- i
70%
Lup- is
70%
Lup- is
70%
Lup- orum
69%
Bell- o
68%
Bell- o
68%
Lup- os
67%
Bell- a
66%
Bell- a
66%
Bell- a
66%
Bell- is
66%
Bell- is
66%
Bell- orum
65%
Civ- is
60%
Civ- is
59%
Civ- i
53%
Civ- is
52%
Civ- e
51%
Civ- em
51%
Mar- e
50%
Mar- e
50%
Mar- e
50%
Civ- es
47%
Civ- es
47%
Civ- es
47%
Civ- ibus
46%
Mar- i
45%
Civ- ibus
45%
Mar- is
45%
Corp- us
45%
Corp- us
45%
Mar- i
43%
Corp- us
43%
Corpor- i
39%
Mar- ibus
39%
Mar- ibus
39%
Corpor- is
39%
Civ- ium
39%
Corpor- e
37%
Duc- i
36%
Man- us
36%
Man- us
36%
Corpor- a
35%
Corpor- a
35%
Corpor- a
35%
Duc- e
35%
Mar- ia
35%
Mar- ia
35%
Mar- ia
35%
Duc- is
35%
Mar- ium
35%
Duc- em
34%
Duc- es
33%
Duc- es
33%
Duc- ibus
33%
Duc- ibus
33%
Duc- es
32%
Corpor- ibus
32%
Corpor- ibus
32%
Corpor- um
31%
Man- um
31%
Duc- um
30%
Man- us
29%
Du- x
29%
Du- x
29%
Man- u
26%
Man- us
25%
Man- us
25%
Man- ibus
24%
Man- us
24%
Man- ibus
23%
Man- ui
22%
R- es
19%
R- es
19%
Man- uum
19%
R- em
18%
R- e
17%
Gen- u
17%
R- ei
16%
Gen- u
16%
Gen- u
16%
R- ei
15%
Gen- us
15%
R- es
14%
R- es
14%
R- es
14%
R- erum
13%
Gen- u
13%
R- ebus
12%
R- ebus
12%
Gen- ui
12%
Gen- ibus
11%
Gen- ibus
11%
Gen- ua
8%
Gen- ua
8%
Gen- ua
8%
Gen- uum
8%
Aucun quiz correspondant
Distribution des résultats
% des personnes avec chaque résultat
Percentile par nombre de réponses
Votre historique - résultats
Vous n’avez pas pris ce quiz